00350pab a2200133 454500008004000000100002100040245005500061260000900116300001100125362001200136650003200148650002400180773001200204180718b1999 xxu||||| |||| 00| 0 eng d aParikh, Kirit S. aFood and agricultural policy: the challenges ahead c1999 ap.3-10 aApr-Jun aAgricultural policy - India aAgricultural policy aVikalpa